Josep Alsina Martí : 1940-1990 / [coordinació: Susanna Vela Palomares ; autors: Isidre Escorihuela Magrinyà, Antònia Fantova Centelles] 1940-1990 / [coordinació:
ISBN:
99920-0-413-4
Publicado:
Andorra :
Govern d'Andorra. Ministeri d'Afers Exteriors, Cultura i Cooperació : Arxiu Nacional d'Andorra : Banc Internacional - Banca Mora ,
2005
Descripción Física:
400 p. : il. col. ; 29 cm
MARC
| LEADER | 00000nam a2200000Ia 4500 | ||
|---|---|---|---|
| 001 | 17869 | ||
| 003 | BGR | ||
| 005 | 20260324175611.0 | ||
| 008 | 160829s2005 xx 000 0 cat d | ||
| 020 | |a 99920-0-413-4 | ||
| 080 | |a B-2-112 | ||
| 100 | |a Alsina i Martí, Josep |9 34676 | ||
| 245 | |a Josep Alsina Martí : |b 1940-1990 / [coordinació: |b Susanna Vela Palomares ; autors: |b Isidre Escorihuela Magrinyà, Antònia Fantova Centelles] | ||
| 260 | |a Andorra : |b Govern d'Andorra. Ministeri d'Afers Exteriors, Cultura i Cooperació : |b Arxiu Nacional d'Andorra : |b Banc Internacional - Banca Mora, |c 2005 | ||
| 300 | |a 400 p. : |b il. col. ; |c 29 cm | ||
| 590 | |a Catàleg de l'exposició Josep Alsina, fotògraf: Andorra, el país dels meus somnis (1940-1986), presentada a la Sala d'exposicions del Govern d'Andorra la Vella, entre el 24 de novembre del 2005 i el 19 de febrer del 2006. | ||
| 590 | |a Inclou l'inventari del fons fotogràfic i cinematogràfic i el quadre de classificació | ||
| 650 | |a Alsina i Martí, Josep |x Exposicions |9 34677 | ||
| 650 | |a Andorra |x Fotografies |x Exposicions |9 34678 | ||
| 700 | |a Vela Palomares, Susanna |e coordinador |9 38427 | ||
| 700 | |a Escorihuela, Isidre |9 27553 | ||
| 700 | |a Fantova, Ma. Antònia |9 26207 | ||
| 710 | 1 | |a Andorra. |b Ministeri d'Afers Exteriors, Cultura i Cooperació |9 56055 | |
| 710 | 1 | |a Arxiu Nacional d'Andorra |9 70452 | |
| 710 | 2 | |a Banc Internacional-Banca Mora |9 70453 | |
| 901 | |a Arxiu | ||
| 942 | |n 1 |2 udc |c MON | ||
| 952 | |0 0 |1 0 |4 0 |6 B2112 |7 1 |9 46607 |a Arxiu |b Arxiu |d 2016-12-01 |l 0 |o B-2-112 |p 17869 |r 2016-12-01 00:00:00 |w 2016-12-01 |y ARXIU | ||
| 999 | |c 50400 |d 50400 | ||